00635nac a22002057a 4500001001000000003000900010005001700019008003400036040005400070072000800124100002300132110007300155245001500228260003600243300001000279490010200289650001100391650001500402650001200417BR9206300BR-BrBNA20240105121241.0230509b bl.|||m| |||| 00| 0 por d aBR-BrBNAbporcBiblioteca Nacional de Agricultura aL011 aMoreira, A. dos S.1 aCoordenadoria de Assistencia Tecnica Integral, Campinas, SP (Brasil)1 aApicultura3 aCampinas, SP (Brasil): c1991.  a59 p. aBoletim Tecnico - Coordenadoria de Assistencia Tecnica Integral (Brazil)vno. 202xISSN 0100-4417 aABELHA aAPICULTURA aCOLMEIA